[Event "Troisdorf op"]
[Site "Troisdorf"]
[Date "2002.12.03"]
[Round "6"]
[White "Niefanger, Frank"]
[Black "De Levo, Michele"]
[Result "1/2-1/2"]
[WhiteElo "1598"]
[BlackElo "1668"]
[PlyCount "53"]
[EventDate "2002.10.??"]
[EventType "swiss"]
[EventRounds "7"]
[EventCountry "GER"]
[SourceTitle "EXT 2005"]
[Source "ChessBase"]
[SourceDate "2004.11.15"]
[SourceVersion "1"]
[SourceVersionDate "2004.11.15"]
[SourceQuality "1"]

1. d4 g6 2. Nf3 Bg7 3. c4 d5 4. e3 c5 5. cxd5 Qxd5 6. Nc3 Qd8 7. Be2 Nf6 8. 0-0 cxd4 9. Nxd4 0-0 10. b3 a6 11. Bb2 Nbd7 12. Rc1 Qb6 13. Bf3 Rd8 14. Na4 Qa5 15. Qe1 Qg5 16. Qb4 e5 17. Ne2 Bf8 18. Qc4 b5 19. Qc2 Rb8 20. Nac3 Nc5 21. Ng3 Bb7 22. Bxb7 Rxb7 23. Rfd1 Rbd7 24. Rxd7 Rxd7 25. Rd1 Rxd1+ 26. Qxd1 Qg4 27. f3 1/2-1/2

[Event "Troisdorf op"]
[Site "Troisdorf"]
[Date "2002.11.26"]
[Round "5"]
[White "Rozsa, Sandor1"]
[Black "Niefanger, Frank"]
[Result "1/2-1/2"]
[WhiteElo "1804"]
[BlackElo "1598"]
[PlyCount "129"]
[EventDate "2002.10.??"]
[EventType "swiss"]
[EventRounds "7"]
[EventCountry "GER"]
[SourceTitle "EXT 2005"]
[Source "ChessBase"]
[SourceDate "2004.11.15"]
[SourceVersion "1"]
[SourceVersionDate "2004.11.15"]
[SourceQuality "1"]

1. d4 d5 2. c4 e6 3. Nc3 Nf6 4. Nf3 Be7 5. Ne5 0-0 6. g4 dxc4 7. e4 Bb4 8. Bg5 Be7 9. Bh4 Nbd7 10. Nxc4 c5 11. dxc5 Nxc5 12. e5 Nd5 13. Bxe7 Nxe7 14. Qd6 b6 15. Bg2 Bb7 16. 0-0 Bxg2 17. Kxg2 Nb7 18. Qd1 Qc7 19. Qe2 Rfd8 20. Rfd1 Ng6 21. Kg3 Rac8 22. Rxd8+ Rxd8 23. Nb5 Qe7 24. Rh1 a6 25. Nbd6 b5 26. Qe4 Nxd6 27. Nxd6 f6 28. f4 fxe5 29. fxe5 Nxe5 30. Nxb5 Nxg4 31. Kxg4 axb5 32. Re1 Re8 33. Qe5 b4 34. Rc1 Qf6 35. Qxf6 gxf6 36. Rc4 Rb8 37. Rc7 Ra8 38. Rb7 Rxa2 39. Rxb4 Kg7 40. h4 Ra5 41. h5 Re5 42. Rb7+ Kh6 43. b4 Rxh5 44. b5 Rg5+ 45. Kf4 Rg1 46. b6 Rb1 47. Rb8 Rb4+ 48. Kf3 e5 49. b7 f5 50. Rf8 Rb3+ 51. Ke2 Rxb7 52. Rxf5 Rb5 53. Ke3 Kg6 54. Rf1 h5 55. Rg1+ Kf5 56. Rf1+ Ke6 57. Rh1 Kd5 58. Rxh5 Rb3+ 59. Ke2 Kd4 60. Rh4+ e4 61. Rh8 Rb2+ 62. Ke1 Ke3 63. Rh3+ Kd4 64. Rh8 Rb5 65. Ke2 1/2-1/2

[Event "Troisdorf op"]
[Site "Troisdorf"]
[Date "2002.11.19"]
[Round "4"]
[White "Niefanger, Frank"]
[Black "Vitz, Hans Joachim"]
[Result "1/2-1/2"]
[WhiteElo "1598"]
[BlackElo "1728"]
[PlyCount "45"]
[EventDate "2002.10.??"]
[EventType "swiss"]
[EventRounds "7"]
[EventCountry "GER"]
[SourceTitle "EXT 2005"]
[Source "ChessBase"]
[SourceDate "2004.11.15"]
[SourceVersion "1"]
[SourceVersionDate "2004.11.15"]
[SourceQuality "1"]

1. d4 d5 2. c4 e6 3. Nf3 Be7 4. Nc3 Nf6 5. Bg5 h6 6. Bh4 0-0 7. e3 b6 8. Bd3 Bb7 9. 0-0 Nbd7 10. cxd5 Nxd5 11. Bxe7 Qxe7 12. Rc1 N7f6 13. a3 Rfc8 14. Qe2 c5 15. Nxd5 Nxd5 16. Rc2 cxd4 17. Nxd4 Rxc2 18. Qxc2 Rc8 19. Qd2 Qg5 20. Nf3 Qe7 21. Nd4 e5 22. Nf5 Qe6 23. Be4 1/2-1/2

[Event "Troisdorf op"]
[Site "Troisdorf"]
[Date "2001.11.06"]
[Round "3"]
[White "Moews, Thomas"]
[Black "Niefanger, Frank"]
[Result "1-0"]
[WhiteElo "1787"]
[BlackElo "1584"]
[PlyCount "75"]
[EventDate "2001.10.??"]
[EventType "swiss"]
[EventRounds "7"]
[EventCountry "GER"]
[SourceTitle "EXT 2005"]
[Source "ChessBase"]
[SourceDate "2004.11.15"]
[SourceVersion "1"]
[SourceVersionDate "2004.11.15"]
[SourceQuality "1"]

1. e4 e5 2. Nf3 Nf6 3. Nxe5 d6 4. Nf3 Nxe4 5. d4 d5 6. Bd3 Bg4 7. h3 Bh5 8. Bf4 Bd6 9. Bxd6 Qxd6 10. Qe2 f5 11. g4 fxg4 12. Bxe4 dxe4 13. Qxe4+ Qe7 14. Ne5 Nc6 15. hxg4 Bf7 16. Nc3 0-0-0 17. Nxc6 Qxe4+ 18. Nxe4 bxc6 19. 0-0-0 Bd5 20. Rhe1 Rhf8 21. Nc5 Rxf2 22. Re7 Rf7 23. Rde1 a5 24. Rxf7 Bxf7 25. Re7 Bg6 26. c3 Re8 27. Rxg7 Kd8 28. Nb7+ Kc8 29. Nxa5 Re2 30. Nxc6 Rc2+ 31. Kb1 Rg2+ 32. Rxg6 hxg6 33. Ne7+ Kb7 34. Nxg6 Rxg4 35. Ne5 Rg2 36. Nc4 Kc6 37. a4 Kd5 38. Ne3+ 1-0

[Event "Troisdorf op"]
[Site "Troisdorf"]
[Date "2001.10.23"]
[Round "1"]
[White "Hillebrand, Carsten"]
[Black "Niefanger, Frank"]
[Result "1-0"]
[WhiteElo "1960"]
[BlackElo "1584"]
[PlyCount "61"]
[EventDate "2001.10.??"]
[EventType "swiss"]
[EventRounds "7"]
[EventCountry "GER"]
[SourceTitle "EXT 2005"]
[Source "ChessBase"]
[SourceDate "2004.11.15"]
[SourceVersion "1"]
[SourceVersionDate "2004.11.15"]
[SourceQuality "1"]

1. c4 e6 2. g3 d5 3. Nf3 Nf6 4. Bg2 c6 5. b3 Be7 6. 0-0 0-0 7. d3 Nbd7 8. Bb2 Bd6 9. Nc3 e5 10. cxd5 Nxd5 11. Ne4 Bc7 12. Ned2 Re8 13. Qc2 N7f6 14. a3 Bg4 15. e4 Nb6 16. h3 Bxf3 17. Nxf3 Qe7 18. Rfe1 c5 19. Rac1 Nbd7 20. Nd2 Rab8 21. Nf1 b5 22. Ne3 g6 23. Rf1 Nh5 24. Nd5 Qd8 25. d4 Bd6 26. dxe5 Bxe5 27. Bxe5 Rxe5 28. Rfd1 Qe8 29. f4 Rxd5 30. Rxd5 Nxg3 31. Qd3 1-0